| 000 -ლიდერი |
| ფიქსირებული სიგრძის საკონტროლო ველი |
02618nam a2200325Ia 4500 |
| 001 - საკონტროლო ნომერი |
| საკონტროლო ველი |
22147 |
| 003 - საკონტროლო ნომრის იდენტიფიკატორი |
| საკონტროლო ველი |
GE_BSU |
| 005 - ბოლო ოპერაციის თარიღი და დრო |
| საკონტროლო ველი |
20221208114130.0 |
| 008 - ფიქსირებული სიგრძის მონაცემთა ელემენტები - ზოგადი ინფორმაცია |
| ფიქსირებული სიგრძის საკონტროლო ველი |
181216s ||||ge |||||||||||||| ||geo|| |
| 020 ## - წიგნის საერთაშორისო სტანდარტული ნომერი |
| International Standard Book Number |
9789941437335 |
| 040 ## - კატალოგიზაციის წყარო |
| Transcribing agency |
GE_BSU |
| 041 ## - ენის კოდი |
| Language code of text/sound track or separate title |
geo |
| 080 ## - უნივერსალური ათობითი კლასიფიკაციის ინდექსი |
| Universal Decimal Classification number |
821-1.03=353.1 გ-23 |
| 100 ## - მთავარი ჩანაწერი - პიროვნების სახელი |
| Personal name |
გაჩეჩილაძე, გივი |
| 9 (RLIN) |
5703 |
| 245 ## - ცნობა სათაურის შესახებ |
| Title |
ნაცნობი თარგმანები : |
| Remainder of title |
უცნობი ლირიკა / |
| Statement of responsibility, etc |
გივი გაჩეჩილაძე ; კრებული შეადგინა, შენიშვნ. და ბიოგრ. ნარკვევი დაურთო რევაზ გაჩეჩილაძემ ; რედ. ლია ჯინორია. |
| 264 ## - წარმოების, გამოცემის, დისტრიბუციის და სხვა ცნობები |
| გამოცემის, წარმოების, დისტრიბუციის... ადგილი |
თბილისი : |
| გამოცემის, წარმოების, დისტრიბუციის... სახელწოდება |
ლოგოსი, |
| გამოცემის, წარმოების, დისტრიბუციის... თარიღი |
2012. |
| 300 ## - ფიზიკური აღწერა |
| Extent |
416 გვ. : |
| Other physical details |
ფოტ. ; |
| Dimensions |
20 სმ. |
| 490 ## - სერიის ცნობა |
| Series statement |
პროგრამა "ლოგოსი" პუბლიკაციები და ღონისძიებები კლასიკური ფილოლოგიის, ბიზანტინისტიკისა და ნეოგრეცისტიკის სფეროში |
| 500 ## - ზოგადი შენიშვნა |
| General note |
წიგნში აგრეთვე გივი გაჩეჩილაძე : Vanitas vanitatum et omnia vanitas! გივი გაჩეჩილაძის გამოსვლის ფრაგმენტი ოთარ იოსელიანის ფილმის "გიორგობისთვის" განხილვისა |
| 520 ## - SUMMARY, ETC. |
| Summary, etc |
წიგნში აგრეთვე: გივი გაჩეჩილაძე: Vanitas vanitatum et omnia vanitas!. გივი გაჩეჩილაძის გამოსვლის ფრაგმენტი ოთარ იოსელიანის ფილმის "გიორგობისთვის" განხილვისას. |
| 653 ## - INDEX TERM--UNCONTROLLED |
| Uncontrolled term |
ლიტერატურა |
| 653 ## - INDEX TERM--UNCONTROLLED |
| Uncontrolled term |
ნაცნობი თარგმანები |
| 653 ## - INDEX TERM--UNCONTROLLED |
| Uncontrolled term |
უცნობი ლირიკა |
| 653 ## - INDEX TERM--UNCONTROLLED |
| Uncontrolled term |
ქართველი მთარგმნელები |
| 653 ## - INDEX TERM--UNCONTROLLED |
| Uncontrolled term |
ქართველი მწერლები |
| 700 ## - ADDED ENTRY--PERSONAL NAME |
| Personal name |
ჯინორია, ლია |
| Relator term |
რედაქტორი |
| 9 (RLIN) |
16345 |
| 710 ## - ADDED ENTRY--CORPORATE NAME |
| Corporate name or jurisdiction name as entry element |
თსუ |
| Subordinate unit |
კლასიკური ფილოლოლოგიის, ბიზანტიკისა და ნეოგრეცისტიკის ინსტიტუტი |
| 9 (RLIN) |
16346 |
| 942 ## - ADDED ENTRY ELEMENTS (KOHA) |
| Koha item type |
წიგნი |
| Source of classification or shelving scheme |
|